00618nam a2200193Ia 450000500170000000800410001708200190005824500560007726000830013330000120021665000170022865000100024565000110025565000190026670000230028594200060030895200950031499900150040920250227032633.0240331s9999 xx 000 0 und d bANE23321a920 0aVarakavi Sheik Alawdeen Padalhal: bThokuppum Aiwum aColombobOffice of the Minister of Muslim Religious and Cultural Affairsc1991 a190 p., aMuslim Tamil aIslam aPoetry aLiterary Works aAnes, M. S. Meedt cL 001040708LaWERCLbWERCLcSSCd2024-03-31l0o 920 VARp3321r2024-03-31w2024-03-31yL c4259d4259